| 000 | 01018nam a2200277 a 4500 | ||
|---|---|---|---|
| 001 | 000021311 | ||
| 005 | 20250424134023.0 | ||
| 008 | 100904s1977 ru r 000 0 spa d | ||
| 040 |
_aDO-SdBNP _bspa _cBNPHU |
||
| 041 | 1 | 7 |
_aspa _hrus _2Código de idioma MARC |
| 082 |
_a144 _bK42h |
||
| 100 | 1 |
_aKeshelava, V., _944533 |
|
| 240 | 1 | 0 |
_aГУМАНИЗМ ДЕЙСТВИТЕлЪНЫЙ И МНИМЫЙ. _lEspañol. |
| 245 | 1 | 0 |
_aHumanismo real y humanismo ficticio / _cV. Keshelava ; traducido del ruso por Pérez Castul. |
| 260 |
_aMoscú : _bProgreso, _c1977. |
||
| 300 |
_a271, [1] p. ; _c21 cm. |
||
| 490 | 1 | _aTeoría y crítica | |
| 500 | _aIncluye notas al pie de las páginas. | ||
| 534 |
_pTítulo original en ruso: _tГУМАНИЗМ ДЕЙСТВИТЕлЪНЫЙ И МНИМЫЙ. |
||
| 504 | _aBibliografía: p. ([267]-271) | ||
| 650 | 0 |
_a Humanismo _933685 |
|
| 650 | 4 |
_aAntropología filosófica _97458 |
|
| 700 | 1 |
_aCastul, Pérez, _etr. _944534 |
|
| 830 | 0 |
_aTeoría y crítica _931033 |
|
| 049 | _aBNGR | ||
| 999 |
_c20811 _d20811 |
||